<?xml version="1.0" encoding="UTF-8"?><?xml-stylesheet type="text/xsl" href="static/style.xsl"?><OAI-PMH xmlns="http://www.openarchives.org/OAI/2.0/" xmlns:xsi="http://www.w3.org/2001/XMLSchema-instance" xsi:schemaLocation="http://www.openarchives.org/OAI/2.0/ http://www.openarchives.org/OAI/2.0/OAI-PMH.xsd"><responseDate>2026-06-03T14:00:32Z</responseDate><request verb="GetRecord" identifier="oai:riuma.uma.es:10630/40862" metadataPrefix="marc">https://riuma.uma.es/rest/oai/request</request><GetRecord><record><header><identifier>oai:riuma.uma.es:10630/40862</identifier><datestamp>2026-02-03T12:40:01Z</datestamp><setSpec>com_10630_2254</setSpec><setSpec>col_10630_37957</setSpec></header><metadata><record xmlns="http://www.loc.gov/MARC21/slim" xmlns:dcterms="http://purl.org/dc/terms/" xmlns:doc="http://www.lyncode.com/xoai" xmlns:xsi="http://www.w3.org/2001/XMLSchema-instance" xsi:schemaLocation="http://www.loc.gov/MARC21/slim http://www.loc.gov/standards/marcxml/schema/MARC21slim.xsd">
   <leader>00925njm 22002777a 4500</leader>
   <datafield ind2=" " ind1=" " tag="042">
      <subfield code="a">dc</subfield>
   </datafield>
   <datafield ind2=" " ind1=" " tag="720">
      <subfield code="a">Espinosa García, Elena María</subfield>
      <subfield code="e">author</subfield>
   </datafield>
   <datafield ind2=" " ind1=" " tag="260">
      <subfield code="c">2025</subfield>
   </datafield>
   <datafield ind2=" " ind1=" " tag="520">
      <subfield code="a">Advances in sequencing technologies—currently divided into short-read and long-read platforms—have enabled the study of genomes from a large number of organisms with high coverage and resolution. However, those advances have also created an urgent need for efficient, scalable, and specialized software solutions that are continually evolving to keep pace with the rapid improvements in sequencing methods. In particular, de novo assembly has been one of the most significant challenges in bioinformatics due to its complexity and high computational cost. However, advances in sequencing technologies have significantly improved the accuracy of genome assemblies and made the process more feasible. In parallel, new data structures, efficient algorithms, and computational techniques have been developed to address these challenges. Despite these improvements, de novo assembly still demands substantial computational resources, and remains an active area of research with ongoing development of diverse methods and strategies. In this thesis, we conduct an in-depth study of de novo genome assembly and its main bottlenecks. Building on these findings, we propose software- and hardware-level solutions to accelerate de novo genome assembly and make its computation as energy-efficient as possible. To this end, this work includes a comprehensive review of de novo genome assembly, a benchmark analysis of the most widely used assemblers to identify key bottlenecks, and the proposal of two acceleration tools: SeqMatcher and GenTEK.</subfield>
   </datafield>
   <datafield ind1="8" ind2=" " tag="024">
      <subfield code="a">https://hdl.handle.net/10630/40862</subfield>
   </datafield>
   <datafield tag="653" ind2=" " ind1=" ">
      <subfield code="a">Arquitectura de ordenadores - Tesis doctorales</subfield>
   </datafield>
   <datafield tag="653" ind2=" " ind1=" ">
      <subfield code="a">Bioinformática</subfield>
   </datafield>
   <datafield tag="653" ind2=" " ind1=" ">
      <subfield code="a">Dispositivos FPGAs</subfield>
   </datafield>
   <datafield tag="653" ind2=" " ind1=" ">
      <subfield code="a">Matrices lógicas programables por el usuario</subfield>
   </datafield>
   <datafield tag="653" ind2=" " ind1=" ">
      <subfield code="a">Genómica</subfield>
   </datafield>
   <datafield tag="653" ind2=" " ind1=" ">
      <subfield code="a">Secuenciación de ácidos nucleicos</subfield>
   </datafield>
   <datafield ind2="0" ind1="0" tag="245">
      <subfield code="a">High-performance computing in bioinformatics: accelerating de novo assembly.</subfield>
   </datafield>
</record>
</metadata></record></GetRecord></OAI-PMH>